000
00295nam a2200121Ia 4500
008
190216s9999||||xx |||||||||||||| ||und||
100
_a
Kamaludeen
245
0
_a
Sambathika Asuthrana Sidhandham
260
_b
Kerala Bhasha Institute
_c
1971
300
_a
240p
650
_a
Economics
942
_c
BK
999
_c
38200
_d
38200